000 01448nam a22002177a 4500
999 _c17678
_d17678
003 BDDh-ASL
005 20231015025624.0
008 200113b2017 bg bd||| |||| 00| 0|eng|d
020 _a978-984-93191-0-8
040 _cBDDh-ASL
_dBDDh-ASL
082 _a327.5092
_bBAN
245 0 _aBangladesh's Neighbours in Indian Northeast: Exploring Opportunities and Mutual Interest/
_cAkmal Hussain
260 _aDhaka:
_bAsiatic Society of Bangladesh,
_c2017.
300 _axii, 212 p. :
_bmaps;
_c22 cm.
440 _9312
_aAsiatic Society of Bangladesh publication;
_n, no. 127
504 _aBibliography
505 _a1. Engagement with Northeast India: A New Dimension in Bangladesh-India Relations/Akmal Hussain -- 2. External Influence, Domestic Politics, and Bangladesh Government's Northeast India Policy -- 3. Growth Zone with NEI and Beyond: Bangladesh Perspective -- 4. Age of Connectivity: Facing the Challenges of Relations between Bangladesh and India's North-eastern States --5. Tourism- A bridge of Friendship between Bangladesh and the Seven Sisters of India -- 6. Tripura: Bangladesh's gateway to India's Northeast -- 7. Ecological Integrity of the Brahmaputra Basin for Community Livelihoods in Bangladesh -- 7. Three Bengali Districts and the Making and Unmaking of Assam-Bengal Borders, 1874-1947
650 0 _9556
_aBangladesh
_xHistory
_xPolitics
_xEconomy
_zIndia
_zNortheast India
700 _9558
_aHussain, Akmal
942 _2ddc
_cBK